| 000 | 01148cam a2200313 i 4500 | ||
|---|---|---|---|
| 001 | 17703943 | ||
| 003 | ARRUPE | ||
| 005 | 20151112121344.0 | ||
| 008 | 130419s2014 dcu b 001 0 eng | ||
| 010 | _a 2013012079 | ||
| 020 | _a9780813221748 (cloth : alk. paper) | ||
| 040 |
_aDLC _beng _cDLC _erda _dDLC |
||
| 042 | _apcc | ||
| 050 | 0 | 0 |
_aP143 _b.B73 2014 |
| 082 | 0 | 0 |
_a401 _223 |
| 100 | 1 |
_aBraine, David. _921095 |
|
| 245 | 1 | 0 |
_aLanguage & human understanding : _bthe roots of creativity in speech and thought / _cDavid Braine. |
| 246 | 3 | _aLanguage and human understanding | |
| 300 |
_axv, 797 pages ; _c26 cm |
||
| 504 | _aIncludes bibliographical references (pages 755-775) and indexes. | ||
| 650 | 0 |
_aComparative linguistics _xHistory. _921096 |
|
| 650 | 0 |
_aCognitive grammar _xHistory. _921097 |
|
| 650 | 0 |
_aTypology (Linguistics) _918135 |
|
| 650 | 0 |
_aCommunication _xHistory. _921098 |
|
| 650 | 0 |
_aPsycholinguistics _xHistory. _921099 |
|
| 906 |
_a7 _bcbc _corignew _d1 _eecip _f20 _gy-gencatlg |
||
| 942 |
_2lcc _cMONOGRAPH |
||
| 999 |
_c123790 _d123790 |
||